000 00440nab a2200145Ia 4500
003 ES-SlBCS
005 20210601124306.0
008 140529s1977 xxu||||| |||| 00| 0 eng d
041 _aeng
100 1 _aKatz, M. S.
_9139264
245 0 0 _aCompulsion and the Discourse of Compulsory School Attendence
_c M. S. Katz
650 0 4 _aEscuela
_9131104
773 0 _tEducational Theory
_gvol. 27, nº. 3, 1977, págs. 179-185
_wRev1399
942 _cAR
999 _c512422
_d512422